| 000 | 01018nam a22003137a 4500 | ||
|---|---|---|---|
| 003 | CHAP | ||
| 005 | 20220329135929.0 | ||
| 008 | 971013s1981 r 00010 d | ||
| 010 | _a44273 | ||
| 011 | _a45245 | ||
| 035 | _a49384 | ||
| 040 | _cCHAP | ||
| 090 | _aFolleto 7014 | ||
| 100 | 0 | 0 |
_aTasistro Souto, Armando S. _9111730 |
| 245 | _aComparación de herbicidas para el control de malezas en cebada de grano bajo condiciones de temporal | ||
| 260 |
_aChapingo, Méx. : _bDepto. de Parasitología Agrícola, _c1981? |
||
| 300 | _a21 p. | ||
| 590 |
_aBATCH-UPD _b10 _c20130110 _lUCH01 _h0000 |
||
| 590 |
_aBATCH-UPD _b10 _c20130110 _lUCH01 _h0910 |
||
| 590 |
_aCONVERSION _b10 _c20130109 _lUCH01 _h1324 |
||
| 650 | 1 | 4 |
_aAgricultura de temporal. _91999 |
| 650 | 1 | 4 |
_aCebada _xMalas hierbas _xControl. _920693 |
| 650 | 1 | 4 |
_aHerbicidas. _953691 |
| 700 | 0 |
_aFischer, Albert J. _941058 |
|
| 700 | 0 |
_aTorres, E. _9114282 |
|
| 901 | _aBK | ||
| 942 | _cFOLL | ||
| 949 |
_aFolleto 7014 _bBC _cESP _d-111415 _eESP _i49384 _mD _si |
||
| 999 |
_c44273 _d44273 |
||